000 00696nam a22001697a 4500
999 _c57033
_d57033
003 Ge_BSU
005 20191024102749.0
008 191024b1939 ge ||||| |||| 00| 0 ge d
041 _ageo
080 _a821.353.1-1 ბ-25
100 _4ბარათაშვილი, ნიკოლოზ
245 _aლექსები, პოემა, წერილები /
_cნიკოლოზ ბარათაშვილი ; რედ. პ. ინგოროყვა.
264 _aთბილისი :
_bფედერაცია
_c1939.
300 _a175 გვ. ;
_c21 სმ.
700 _aინგოროვა, პ.
_eრედაქტორი
_94972
942 _2udc
_cBK